000 01054nam a22002657a 4500
005 20101206113148.0
008 101206t xxu||||| |||| 00| 0 hin d
010 _aHIN-93322
020 _c50.00
_a9788179877067
035 _aHN-65668
037 _bDBAD/PUB
040 _aDPL
_bHN
082 _a
100 _924598
_aचोपड़ा, सुदर्शन
245 _aक्रांति /
_cसुदर्शन चोपड़ा
260 _aनई दिल्ली
_bविश्व विजय
_c2010
270 _bनई दिल्ली
_aएम-12, कनाट सरकस
_e110001
_k91-011-23416313
300 _a172पृ.
_c22सेमी (अजिल्द)
650 _91169
_aहिन्दी कथा साहित्य
650 _929580
_aHindi Novel
700 _924599
700 _924924
942 _2ddc
_cHN
_mचोपड़ा
_h
999 _c54113
_d54113